000 00830nam a2200265 i 4500
001 bg
100 1 _aŁAZAREK, Marianna
245 1 0 _aGospodarka turystyczna :
_bwybrane zagadnienia /
_cMarianna i Roman Łazarkowie.
260 _aWarszawa :
_bWyższa Szkoła Ekonomiczna,
_c2002.
300 _a266, [1] s. ;
_c24 cm.
504 _aBibliogr.
650 9 _aTurystyka
_xekonomika
650 9 _aTurystyka
_zPolska
_yod 1989 r.
650 9 _aUsługi
_xturystyka
_xorganizacja
655 _aPodręczniki akademickie
700 1 _aŁAZAREK, Roman
020 _a8386990228
040 _cBPK
041 0 _apol
080 _a338.48(438)"1989/..."(075.8)
920 _a83-86990-22-8
942 _cKS
008 s pl f |000 0 pol
999 _c44679
_d44679
856 _uhttp://koha.tu.koszalin.pl/cgi-bin/koha/opac-detail.pl?biblionumber=44679
_yKatalog online BPK